|
|
|
|
| LEADER |
02910nam a2200493 4500 |
| 001 |
978-3-540-49157-6 |
| 003 |
DE-He213 |
| 005 |
20191028212815.0 |
| 007 |
cr nn 008mamaa |
| 008 |
121227s1999 gw | s |||| 0|eng d |
| 020 |
|
|
|a 9783540491576
|9 978-3-540-49157-6
|
| 024 |
7 |
|
|a 10.1007/BFb0109536
|2 doi
|
| 040 |
|
|
|d GrThAP
|
| 050 |
|
4 |
|a QC793-793.5
|
| 050 |
|
4 |
|a QC174.45-174.52
|
| 072 |
|
7 |
|a PHQ
|2 bicssc
|
| 072 |
|
7 |
|a SCI051000
|2 bisacsh
|
| 072 |
|
7 |
|a PHQ
|2 thema
|
| 082 |
0 |
4 |
|a 539.72
|2 23
|
| 100 |
1 |
|
|a Belusevic, Radoje.
|e author.
|4 aut
|4 http://id.loc.gov/vocabulary/relators/aut
|
| 245 |
1 |
0 |
|a Neutral Kaons
|h [electronic resource] /
|c by Radoje Belusevic.
|
| 250 |
|
|
|a 1st ed. 1999.
|
| 264 |
|
1 |
|a Berlin, Heidelberg :
|b Springer Berlin Heidelberg :
|b Imprint: Springer,
|c 1999.
|
| 300 |
|
|
|a XII, 184 p.
|b online resource.
|
| 336 |
|
|
|a text
|b txt
|2 rdacontent
|
| 337 |
|
|
|a computer
|b c
|2 rdamedia
|
| 338 |
|
|
|a online resource
|b cr
|2 rdacarrier
|
| 347 |
|
|
|a text file
|b PDF
|2 rda
|
| 490 |
1 |
|
|a Springer Tracts in Modern Physics,
|x 0081-3869 ;
|v 153
|
| 505 |
0 |
|
|a Propagation of neutral kaons in matter -- CP violation in K 0 decays -- Interference in semileptonic and pionic decay modes -- Precision measurements of ? 00, ? +? and ??/? -- Neutral kaons in proton-antiproton annihilations -- Neutral kaons in electron-positron annihilations -- Neutral kaons in fixed-target experiments -- The K 0 system in the standard model.
|
| 520 |
|
|
|a The neutral K meson or neutral kaon, K0, and its antiparticle, K(bar)0, form a remarkable quantum-mechanical two-state system that has played an important role in the history of elementary particle physics. Indeed, ever since the discovery of K0 half a century ago, neutral kaons have been a rich source of unique and facinating phenomena associated with their production, decay and propagation in both vacuum and matter. This overview conveys the unique beauty of a quantum-mechanical system that contains so many of the aspects of modern physics. WICHTIGE INFO: Satzanweisung!!! bitte setzen Sie bei K0 das Zeichen "0" als hochgestellte Null. K(bar) ersetzen Sie bitte, indem Sie über das K einen Querstrich setzen und das "(bar)" dann bitte löschen. Danke, jlenz(Tel. 307).
|
| 650 |
|
0 |
|a Elementary particles (Physics).
|
| 650 |
|
0 |
|a Quantum field theory.
|
| 650 |
1 |
4 |
|a Elementary Particles, Quantum Field Theory.
|0 http://scigraph.springernature.com/things/product-market-codes/P23029
|
| 710 |
2 |
|
|a SpringerLink (Online service)
|
| 773 |
0 |
|
|t Springer eBooks
|
| 776 |
0 |
8 |
|i Printed edition:
|z 9783642084942
|
| 776 |
0 |
8 |
|i Printed edition:
|z 9783540656456
|
| 776 |
0 |
8 |
|i Printed edition:
|z 9783662156155
|
| 830 |
|
0 |
|a Springer Tracts in Modern Physics,
|x 0081-3869 ;
|v 153
|
| 856 |
4 |
0 |
|u https://doi.org/10.1007/BFb0109536
|z Full Text via HEAL-Link
|
| 912 |
|
|
|a ZDB-2-PHA
|
| 912 |
|
|
|a ZDB-2-BAE
|
| 950 |
|
|
|a Physics and Astronomy (Springer-11651)
|